000 01045nam a2200229Ia 4500
003 OSt
005 20250410151713.0
008 191128t1999 spa r 000 f spa d
020 _a8439582730
040 _aCO-JMCR
_cCO-JMCR
041 _aspa
082 0 4 _aA-N
_bBENc
100 1 _aBenítez, J. J.,
_d1946
_eautor
_99914
245 1 0 _aCaballo de troya :
_bCesarea /
_cJ. J. Benítez
260 _aMadrid :
_bPlaneta deagostini,
_c©1999
300 _a439 páginas ;
_c 23 cm.
490 0 _aBiblioteca J.J. Benítez
505 _aSeis años de silencio -- El diario (quinta parte) -- 28 de abril, viernes (año 30) -- 29 de abril, sábado -- Del 30 de abril al 3 de mayo -- del 4 al 14 de mayo -- 18 de mayo, jueves
520 _a"Una documentación que pone al descubierto multitud de datos nuevos sobre la figura y la obra de Jesús de Nazaret. Podemos asegurar que -tal y como sospecha buena parte de la humanidad- las grandes potencias ocultan muchos de sus proyectos espaciales"
650 1 4 _aNovela española
_99917
942 _2ddc
_cBK
999 _c3236
_d3236